Spin crossover vlastnosti a kooperativita tuhých roztokov komplexov železa(III) a kobaltu(III) s pentadentátnymi Schiffovými ligandami bakalárska práca
Guardado en:
| Autor principal: | |
|---|---|
| Formato: | Libro |
| Lenguaje: | inglés |
| Publicado: |
Bratislava
STU FCHPT
2016
|
| Acceso en línea: | Ver en el OPAC |
| Etiquetas: |
Sin Etiquetas, Sea el primero en etiquetar este registro!
|
MARC
| LEADER | 00000nam a2200000 a 4500 | ||
|---|---|---|---|
| 005 | 20260127134419.0 | ||
| 008 | 160927 000 0 eng d | ||
| 035 | |a vtls011582474 | ||
| 039 | 9 | |y 201609271556 |z mschk03 | |
| 040 | |a STUSCHK1 |b slo |c STUSCHK1 |e AACR2 | ||
| 100 | 1 | |a Haniková, Daniela | |
| 245 | 1 | |a Spin crossover vlastnosti a kooperativita tuhých roztokov komplexov železa(III) a kobaltu(III) s pentadentátnymi Schiffovými ligandami |b bakalárska práca |c Daniela Haniková | |
| 260 | |a Bratislava |b STU FCHPT |c 2016 | ||
| 300 | |a 44 s. |b il. |c 25 cm | ||
| 500 | |a Študijný program: chémia, medicínska chémia a chemické materiály | ||
| 500 | |a Študijný odbor: chémia, chemické technológie | ||
| 500 | |a Školiace pracovisko: Odd. anorganickej chémie | ||
| 500 | |a Evid. číslo: FCHPT-13569-74354 | ||
| 910 | |a SCHK95 | ||
| 999 | |c 12205 |d 12205 | ||